| 000 | 00608nam a22001697a 4500 | ||
|---|---|---|---|
| 999 |
_c7980 _d7980 |
||
| 003 | GBCCL | ||
| 005 | 20241126110640.0 | ||
| 008 | 181122b ||||| |||| 00| 0 eng d | ||
| 040 | _cGBC | ||
| 082 |
_aARCH GBC-2008 _bGUI |
||
| 100 |
_aGuite, Thuamminlian _913928 |
||
| 245 |
_aA Critical Evaluation on Rudolf Bultmann’s Christology With Special Reference to the Historical Jesus and the Christ of Faith | _cThuamminlian Guite |
||
| 260 |
_aNew Lamka: _bGrace Bible College, _c2008 |
||
| 300 |
_avii + 96 p.; _c20 x 29 cm. |
||
| 650 |
_aChristology _vRudolf Bultmann _vHistorical Jesus _913929 |
||
| 942 |
_2ddc _cTH |
||